Detalles MARC
| 000 -LÍDER |
| Campo fijo de descripción fija |
008960000a22002890004500 |
| 001 - NÚMERO DE CONTROL |
| Campo de control |
22 |
| 003 - IDENTIFICADOR DEL NÚMERO DE CONTROL |
| Campo de control |
CO-MdFUSB |
| 005 - FECHA Y HORA DE LA ULTIMA TRANSACCIÓN |
| control field |
20160311155051.0 |
| 008 - ELEMENTOS DE LONGITUD FIJA -- INFORMACIÓN GENERAL |
| Campo fijo de descripción fija -- Información general |
160311t20052005spaaaa|d |||| 00| 0 spa d |
| 010 ## - NÚMERO DE CONTROL DE LA BIBLIOTECA DEL CONGRESO |
| Número de control LC |
CO-MdFUSB |
| 020 ## - NÚMERO INTERNACIONAL NORMALIZADO PARA LIBROS |
| Número Internacional Normalizado del libro |
958-706-033-4 |
| 040 ## - FUENTE DE CATALOGACIÓN |
| Agencia que realiza la transcripción |
CO-MdFUSB |
| Convenciones de la descripción |
rda |
| 041 0# - CÓDIGO DE IDIOMA |
| Código de idioma para texto/pista de sonido o título separado |
|
| 082 04 - NÚMERO DE CLASIFICACIÓN DECIMAL DEWEY |
| Número de clasificación |
R 170 E511n |
| 110 1# - ASIENTO PRINCIPAL--NOMBRE CORPORATIVO |
| Nombre corporativo o de jurisdicción como elemento de entrada |
Casa Editorial El Tiempo |
| 245 10 - TÍTULO |
| Título del Material |
El libro de la convivencia |
| Parte restante del título - Subtitulo |
/ Casa Editorial El Tiempo |
| Mención de responsabilidad, etc. |
/ Beatriz Vásquez Gómez, Concepto y dirección general. |
| 260 ## - PUBLICACIÓN, DISTRIBUCIÓN, ETC. (PIE DE IMPRENTA) |
| Lugar de publicación, distribución, etc. |
Bogotá, Colombia : Casa Editorial El Tiempo |
| 264 ## - PRODUCCIÓN, PUBLICACIÓN, DISTRIBUCIÓN, MANUFACTURA, Y COPYRIGHT |
| Lugar de producción, publicación, distribución, manufactura |
Bogotá, Colombia |
| Nombre del productor, publicador, distribuidor |
: Casa Editorial El Tiempo |
| Fecha de producción, publicación, distribución, manufactura, o copyright |
[2005] |
| 300 ## - DESCRIPCIÓN FÍSICA |
| Extensión |
320 Pag. |
| 336 ## - TIPO DE CONTENIDO |
| Término de tipo de contenido |
|
| 337 ## - TIPO DE MEDIO |
| Fuente |
rdamedia |
| Nombre del tipo de medio |
|
| 338 ## - TIPO DE SOPORTE |
| Nombre del tipo de soporte |
|
| 504 ## - NOTA DE BIBLIOGRAFÍA, ETC. |
| Nota de bibliografía, etc |
Incluye referencias bibliográficas: páginas |
| 650 14 - ASIENTO SECUNDARIO DE MATERIA - TERMINO TEMÁTICO |
| Término temático o nombre geográfico como elemento de entrada |
ETICA \ VALORES SOCIALES |
| 653 ## - TÉRMINO DE INDIZACIÓN - NO CONTROLADO |
| Término no controlado |
ETICA \ VALORES SOCIALES |
| -- |
ETICA \ VALORES SOCIALES |
| 942 ## - TIPO DE MATERIAL (KOHA) |
| Tipo de Item KOHA |
Libros General |